[Event "Grand Swiss "]
[Date "2025.09.14"]
[White "Goryachkina, Aleksandra"]
[Black "Robson, Ray"]
[WhiteElo "2528"]
[BlackElo "2674"]
[Round "10.10.25"]
[Result "1/2-1/2"]

1. d4 {[%clk 01:40:52] [%emt 00:00:07]} Nf6 {[%clk 01:40:45] [%emt 00:00:15]} 2.
c4 {[%clk 01:41:10] [%emt 00:00:12]} e6 {[%clk 01:41:00] [%emt 00:00:15]} 3. Nf3
{[%clk 01:41:22] [%emt 00:00:18]} b6 {[%clk 01:40:59] [%emt 00:00:32]} 4. g3
{[%clk 01:40:58] [%emt 00:00:53]} Bb7 {[%clk 01:41:08] [%emt 00:00:21]} 5. Bg2
{[%clk 01:41:11] [%emt 00:00:17]} Bb4+ {[%clk 01:41:08] [%emt 00:00:30]} 6. Bd2
{[%clk 01:40:43] [%emt 00:00:59]} c5 {[%clk 01:41:15] [%emt 00:00:23]} 7. O-O
{[%clk 01:30:10] [%emt 00:11:02]} O-O {[%clk 01:40:47] [%emt 00:00:57]} 8. dxc5
{[%clk 01:22:30] [%emt 00:08:11]} Bxc5 {[%clk 01:37:12] [%emt 00:04:05]} 9. Nc3
{[%clk 01:20:53] [%emt 00:02:07]} d5 {[%clk 01:34:08] [%emt 00:03:34]} 10. cxd5
{[%clk 01:19:57] [%emt 00:01:26]} Nxd5 {[%clk 01:34:07] [%emt 00:00:31]} 11.
Nxd5 {[%clk 01:12:40] [%emt 00:07:48]} Bxd5 {[%clk 01:30:51] [%emt 00:03:46]}
12. Bc3 {[%clk 01:11:19] [%emt 00:01:51]} Nd7 {[%clk 01:29:17] [%emt 00:02:04]}
13. Ne5 {[%clk 01:05:35] [%emt 00:06:15]} Nxe5 {[%clk 01:25:12] [%emt 00:04:34]}
14. Bxe5 {[%clk 01:05:48] [%emt 00:00:17]} Bxg2 {[%clk 01:24:38] [%emt
00:01:04]} 15. Qxd8 {[%clk 01:02:39] [%emt 00:03:39]} Rfxd8 {[%clk 01:24:00]
[%emt 00:01:07]} 16. Kxg2 {[%clk 01:03:07] [%emt 00:00:02]} Rd5 {[%clk 01:22:01]
[%emt 00:02:29]} 17. Bc3 {[%clk 01:02:12] [%emt 00:01:25]} Rad8 {[%clk 01:21:52]
[%emt 00:00:39]} 18. Rac1 {[%clk 01:02:07] [%emt 00:00:35]} f6 {[%clk 01:21:17]
[%emt 00:01:04]} 19. Rc2 {[%clk 00:55:32] [%emt 00:07:05]} e5 {[%clk 01:19:05]
[%emt 00:02:42]} 20. e4 {[%clk 00:52:42] [%emt 00:03:21]} Rd3 {[%clk 01:18:34]
[%emt 00:01:00]} 21. Re1 {[%clk 00:49:59] [%emt 00:03:14]} g5 {[%clk 01:04:54]
[%emt 00:14:10]} 22. h3 {[%clk 00:46:06] [%emt 00:04:22]} h5 {[%clk 01:04:18]
[%emt 00:01:05]} 23. Ree2 {[%clk 00:43:06] [%emt 00:03:31]} Rd1 {[%clk 00:59:27]
[%emt 00:05:20]} 24. Red2 {[%clk 00:40:25] [%emt 00:03:11]} R8xd2 {[%clk
00:59:22]} 25. Rxd2 {[%clk 00:39:46] [%emt 00:01:44]} Rc1 {[%clk 00:59:07] [%emt
00:00:45]} 26. g4 {[%clk 00:34:44] [%emt 00:05:32]} h4 {[%clk 00:57:54] [%emt
00:01:42]} 27. Kf3 {[%clk 00:33:48] [%emt 00:01:27]} Kf7 {[%clk 00:24:14] [%emt
00:34:10]} 28. Ke2 {[%clk 00:32:10] [%emt 00:02:09]} Ke6 {[%clk 00:23:34] [%emt
00:01:09]} 29. Rd1 {[%clk 00:28:39] [%emt 00:04:01]} Rxd1 {[%clk 00:23:41] [%emt
00:00:24]} 30. Kxd1 {[%clk 00:29:07] [%emt 00:00:02]} Bxf2 {[%clk 00:23:58]
[%emt 00:00:12]} 31. Bd2 {[%clk 00:27:59] [%emt 00:01:39]} Kd6 {[%clk 00:20:28]
[%emt 00:04:00]} 32. Ke2 {[%clk 00:26:55] [%emt 00:01:34]} Bd4 {[%clk 00:20:33]
[%emt 00:00:25]} 33. b3 {[%clk 00:26:50] [%emt 00:00:36]} b5 {[%clk 00:19:28]
[%emt 00:01:35]} 34. Kd3 {[%clk 00:26:09] [%emt 00:01:10]} Kc6 {[%clk 00:19:49]
[%emt 00:00:09]} 35. Bb4 {[%clk 00:24:56] [%emt 00:01:43]} Bc5 {[%clk 00:20:11]
[%emt 00:00:08]} 36. Ba5 {[%clk 00:21:56] [%emt 00:03:30]} Be7 {[%clk 00:19:28]
[%emt 00:01:12]} 37. Bd2 {[%clk 00:20:59] [%emt 00:01:28]} 1/2-1/2

[Site "Europe Echecs"]

[Event "Grand Swiss "]
[Date "2025.09.14"]
[White "Vitiugov, Nikita"]
[Black "Mendonca, Leon Luke"]
[WhiteElo "2666"]
[BlackElo "2615"]
[Round "10.10.26"]
[Result "1/2-1/2"]

1. d4 {[%clk 01:40:40] [%emt 00:00:19]} Nf6 {[%clk 01:40:39] [%emt 00:00:21]} 2.
c4 {[%clk 01:40:55] [%emt 00:00:15]} e6 {[%clk 01:41:01] [%emt 00:00:07]} 3. Nf3
{[%clk 01:41:07] [%emt 00:00:18]} d5 {[%clk 01:41:17] [%emt 00:00:14]} 4. Nc3
{[%clk 01:41:14] [%emt 00:00:24]} Bb4 {[%clk 01:38:48] [%emt 00:02:58]} 5. Qb3
{[%clk 01:39:10] [%emt 00:02:34]} c5 {[%clk 01:38:31] [%emt 00:00:47]} 6. dxc5
{[%clk 01:39:15] [%emt 00:00:25]} Nc6 {[%clk 01:38:40] [%emt 00:00:20]} 7. Bg5
{[%clk 01:39:03] [%emt 00:00:42]} Qa5 {[%clk 01:37:35] [%emt 00:01:36]} 8. Bxf6
{[%clk 01:36:12] [%emt 00:03:21]} dxc4 {[%clk 01:37:32] [%emt 00:00:32]} 9. Qxc4
{[%clk 01:36:16] [%emt 00:00:27]} gxf6 {[%clk 01:37:55] [%emt 00:00:07]} 10. Rc1
{[%clk 01:36:24] [%emt 00:00:22]} Qxc5 {[%clk 01:37:18] [%emt 00:01:06]} 11. Qh4
{[%clk 01:36:15] [%emt 00:00:39]} Ke7 {[%clk 01:36:42] [%emt 00:01:06]} 12. g3
{[%clk 01:35:58] [%emt 00:00:47]} Bxc3+ {[%clk 01:36:07] [%emt 00:01:06]} 13.
Rxc3 {[%clk 01:36:05] [%emt 00:00:23]} Qb6 {[%clk 01:29:51] [%emt 00:06:46]} 14.
Nd2 {[%clk 01:31:40] [%emt 00:04:55]} Qxb2 {[%clk 01:07:55] [%emt 00:22:26]} 15.
Ne4 {[%clk 01:31:33] [%emt 00:00:36]} Qb1+ {[%clk 01:07:12] [%emt 00:01:14]} 16.
Kd2 {[%clk 01:31:57] [%emt 00:00:05]} Rd8+ {[%clk 01:07:18] [%emt 00:00:24]} 17.
Ke3 {[%clk 01:32:02] [%emt 00:00:25]} Qb6+ {[%clk 01:06:42] [%emt 00:01:07]} 18.
Kf3 {[%clk 01:31:29] [%emt 00:01:03]} Nd4+ {[%clk 00:59:33] [%emt 00:07:38]} 19.
Kg2 {[%clk 01:31:47] [%emt 00:00:12]} e5 {[%clk 00:59:50] [%emt 00:00:14]} 20.
Rc5 {[%clk 01:27:16] [%emt 00:05:01]} Kf8 {[%clk 00:29:12] [%emt 00:31:08]} 21.
e3 {[%clk 01:25:13] [%emt 00:02:33]} Bf5 {[%clk 00:28:21] [%emt 00:01:21]} 22.
Rc4 {[%clk 01:21:53] [%emt 00:03:50]} Bxe4+ {[%clk 00:25:06] [%emt 00:03:45]}
23. Qxe4 {[%clk 01:21:44] [%emt 00:00:38]} Nb5 {[%clk 00:22:20] [%emt 00:03:17]}
24. Qxh7 {[%clk 01:18:46] [%emt 00:03:27]} Nd6 {[%clk 00:22:45] [%emt 00:00:05]}
25. Rc2 {[%clk 01:17:16] [%emt 00:02:00]} Rac8 {[%clk 00:21:40] [%emt 00:01:36]}
26. Be2 {[%clk 01:16:24] [%emt 00:01:22]} Rxc2 {[%clk 00:19:00] [%emt 00:03:10]}
27. Qxc2 {[%clk 01:16:48] [%emt 00:00:06]} Rc8 {[%clk 00:18:20] [%emt 00:01:10]}
28. Qh7 {[%clk 00:58:23] [%emt 00:18:54]} Qc6+ {[%clk 00:15:16] [%emt 00:03:34]}
29. Bf3 {[%clk 00:56:09] [%emt 00:02:44]} Qc2 {[%clk 00:15:39] [%emt 00:00:07]}
30. Qh4 {[%clk 00:51:22] [%emt 00:05:17]} Ke7 {[%clk 00:11:21] [%emt 00:04:49]}
31. Rd1 {[%clk 00:46:00] [%emt 00:05:52]} Rc4 {[%clk 00:10:45] [%emt 00:01:06]}
32. Qh8 {[%clk 00:46:11] [%emt 00:00:19]} Rc8 {[%clk 00:10:55] [%emt 00:00:20]}
33. Qh4 {[%clk 00:46:26] [%emt 00:00:15]} Rc4 {[%clk 00:11:20] [%emt 00:00:06]}
34. Qh8 {[%clk 00:46:24] [%emt 00:00:32]} Rc8 {[%clk 00:11:30] [%emt 00:00:20]}
35. Qh4 {[%clk 00:46:44] [%emt 00:00:10]} 1/2-1/2

[Site "Europe Echecs"]

[Event "Grand Swiss "]
[Date "2025.09.14"]
[White "Artemiev, Vladislav"]
[Black "Lagarde, Maxime"]
[WhiteElo "2664"]
[BlackElo "2609"]
[Round "10.10.27"]
[Result "0-1"]

1. e4 {[%clk 01:39:59] [%emt 00:00:59]} c5 {[%clk 01:40:05] [%emt 00:00:56]} 2.
Nf3 {[%clk 01:39:00] [%emt 00:01:29]} d6 {[%clk 01:40:27] [%emt 00:00:09]} 3. d4
{[%clk 01:37:18] [%emt 00:02:11]} cxd4 {[%clk 01:40:45] [%emt 00:00:12]} 4. Nxd4
{[%clk 01:37:30] [%emt 00:00:19]} Nf6 {[%clk 01:41:12] [%emt 00:00:03]} 5. Nc3
{[%clk 01:37:34] [%emt 00:00:25]} Nc6 {[%clk 01:39:38] [%emt 00:02:04]} 6. Bg5
{[%clk 01:35:29] [%emt 00:02:35]} e6 {[%clk 01:40:00] [%emt 00:00:08]} 7. Qd3
{[%clk 01:34:36] [%emt 00:01:22]} Bd7 {[%clk 01:30:30] [%emt 00:10:00]} 8. Ndb5
{[%clk 01:32:16] [%emt 00:02:51]} Nb4 {[%clk 01:30:22] [%emt 00:00:39]} 9. Qd1
{[%clk 01:32:20] [%emt 00:00:25]} Qb8 {[%clk 01:27:16] [%emt 00:03:36]} 10. Bf4
{[%clk 01:30:16] [%emt 00:02:34]} e5 {[%clk 01:27:29] [%emt 00:00:17]} 11. Bg5
{[%clk 01:30:22] [%emt 00:00:23]} a6 {[%clk 01:27:40] [%emt 00:00:19]} 12. Na3
{[%clk 01:30:19] [%emt 00:00:33]} b5 {[%clk 01:27:45] [%emt 00:00:25]} 13. Bxf6
{[%clk 01:29:54] [%emt 00:00:55]} gxf6 {[%clk 01:28:10] [%emt 00:00:05]} 14.
Nab1 {[%clk 01:30:02] [%emt 00:00:22]} d5 {[%clk 01:12:51] [%emt 00:15:49]} 15.
exd5 {[%clk 01:26:33] [%emt 00:03:59]} Bf5 {[%clk 01:11:33] [%emt 00:01:47]} 16.
Bd3 {[%clk 01:26:18] [%emt 00:00:45]} Qc8 {[%clk 00:59:28] [%emt 00:12:35]} 17.
O-O {[%clk 00:47:37] [%emt 00:39:12]} Rg8 {[%clk 00:47:57] [%emt 00:12:02]} 18.
Ne4 {[%clk 00:38:57] [%emt 00:09:10]} Bxe4 {[%clk 00:42:51] [%emt 00:05:36]} 19.
Bxe4 {[%clk 00:38:57] [%emt 00:00:30]} f5 {[%clk 00:42:41] [%emt 00:00:40]} 20.
Bd3 {[%clk 00:37:45] [%emt 00:01:43]} e4 {[%clk 00:21:54] [%emt 00:21:17]} 21.
a3 {[%clk 00:19:55] [%emt 00:18:20]} exd3 {[%clk 00:22:20] [%emt 00:00:04]} 22.
axb4 {[%clk 00:15:19] [%emt 00:05:06]} Qc4 {[%clk 00:08:10] [%emt 00:14:40]} 23.
Re1+ {[%clk 00:11:12] [%emt 00:04:37]} Kd8 {[%clk 00:07:07] [%emt 00:01:33]} 24.
c3 {[%clk 00:07:49] [%emt 00:03:53]} Qxd5 {[%clk 00:07:12] [%emt 00:00:25]} 25.
g3 {[%clk 00:08:11] [%emt 00:00:09]} f4 {[%clk 00:06:33] [%emt 00:01:09]} 26.
Nd2 {[%clk 00:08:05] [%emt 00:00:36]} Bd6 {[%clk 00:04:03] [%emt 00:03:00]} 27.
Re4 {[%clk 00:02:54] [%emt 00:05:41]} Kc7 {[%clk 00:01:02] [%emt 00:03:31]} 28.
Rd4 {[%clk 00:01:30] [%emt 00:01:54]} Qc6 {[%clk 00:01:21] [%emt 00:00:11]} 29.
Rxd3 {[%clk 00:01:26] [%emt 00:00:35]} f5 {[%clk 00:01:16] [%emt 00:00:35]} 30.
Nb3 {[%clk 00:00:32] [%emt 00:01:24]} fxg3 {[%clk 00:01:07] [%emt 00:00:39]} 31.
hxg3 {[%clk 00:00:58] [%emt 00:00:04]} f4 {[%clk 00:01:07] [%emt 00:00:30]} 32.
Nd4 {[%clk 00:00:53] [%emt 00:00:35]} Qd7 {[%clk 00:00:54] [%emt 00:00:43]} 33.
Qe2 {[%clk 00:00:33] [%emt 00:00:50]} Rae8 {[%clk 00:01:04] [%emt 00:00:20]} 34.
Qh5 {[%clk 00:00:32] [%emt 00:00:32]} Re5 {[%clk 00:00:58] [%emt 00:00:36]} 35.
Qf3 {[%emt 00:00:31]} fxg3 {[%clk 00:00:52] [%emt 00:00:36]} 36. fxg3 {[%clk
00:00:33] [%emt 00:00:29]} Reg5 {[%clk 00:00:42] [%emt 00:00:40]} 37. Ne2 {[%clk
00:00:37] [%emt 00:00:26]} Rf5 {[%clk 00:00:34] [%emt 00:00:38]} 38. Qe3 {[%clk
00:01:03] [%emt 00:00:04]} Qc6 {[%clk 00:00:33] [%emt 00:00:31]} 39. Nd4 {[%clk
00:00:48] [%emt 00:00:45]} Bxg3 {[%clk 00:00:49] [%emt 00:00:14]} 40. Qe7+
{[%clk 00:00:33] [%emt 00:00:44]} Kb6 {[%clk 00:00:50] [%emt 00:00:27]} 41. Qa7+
{[%clk 00:30:18] [%emt 00:20:47]} Kxa7 {[%clk 00:51:15] [%emt 00:00:05]} 42.
Nxc6+ {[%clk 00:30:44] [%emt 00:00:04]} Kb6 {[%clk 00:51:31] [%emt 00:00:15]}
43. Ne7 {[%clk 00:30:00] [%emt 00:01:13]} Bf2+ {[%clk 00:51:53] [%emt 00:00:08]}
44. Kf1 {[%clk 00:29:25] [%emt 00:01:05]} Rg1+ {[%clk 00:52:17] [%emt 00:00:06]}
45. Ke2 {[%clk 00:29:51] [%emt 00:00:04]} Re5+ {[%clk 00:52:37] [%emt 00:00:10]}
46. Kxf2 {[%clk 00:30:11] [%emt 00:00:10]} Rxa1 {[%clk 00:53:04] [%emt
00:00:02]} 47. Nd5+ {[%clk 00:30:14] [%emt 00:00:28]} Kc6 {[%clk 00:53:23] [%emt
00:00:11]} 48. Ne3 {[%clk 00:30:04] [%emt 00:00:40]} Rh1 {[%clk 00:44:38] [%emt
00:09:15]} 49. b3 {[%clk 00:23:48] [%emt 00:06:45]} Rh3 {[%clk 00:42:55] [%emt
00:02:13]} 50. c4 {[%clk 00:24:13] [%emt 00:00:06]} h5 {[%clk 00:42:39] [%emt
00:00:45]} 51. c5 {[%clk 00:24:27] [%emt 00:00:16]} Re6 {[%clk 00:42:36] [%emt
00:00:33]} 52. Ke2 {[%clk 00:24:21] [%emt 00:00:36]} h4 {[%clk 00:42:20] [%emt
00:00:47]} 53. Kd2 {[%clk 00:24:24] [%emt 00:00:27]} Rg3 {[%clk 00:41:36] [%emt
00:01:14]} 54. Nf5 {[%clk 00:24:48] [%emt 00:00:07]} Rxd3+ {[%clk 00:41:51]
[%emt 00:00:15]} 55. Kxd3 {[%clk 00:25:14] [%emt 00:00:03]} h3 {[%clk 00:42:09]
[%emt 00:00:13]} 56. Nd4+ {[%clk 00:25:42] [%emt 00:00:02]} Kd5 {[%clk 00:42:25]
[%emt 00:00:14]} 57. Nxe6 {[%clk 00:26:09] [%emt 00:00:03]} Kxe6 {[%clk
00:42:44] [%emt 00:00:11]} 58. Ke3 {[%clk 00:26:36] [%emt 00:00:03]} h2 {[%clk
00:43:11] [%emt 00:00:03]} 59. Kf2 {[%clk 00:27:01] [%emt 00:00:04]} h1=Q {[%clk
00:43:35] [%emt 00:00:06]} 0-1

[Site "Europe Echecs"]

[Event "Grand Swiss "]
[Date "2025.09.14"]
[White "Demchenko, Anton"]
[Black "Sadhwani, Raunak"]
[WhiteElo "2620"]
[BlackElo "2658"]
[Round "10.10.28"]
[Result "0-1"]

1. Nf3 {[%clk 01:40:56] [%emt 00:00:03]} d5 {[%clk 01:40:54] [%emt 00:00:07]} 2.
b3 {[%clk 01:40:35] [%emt 00:00:51]} Bf5 {[%clk 01:41:13] [%emt 00:00:10]} 3.
Bb2 {[%clk 01:40:58] [%emt 00:00:06]} e6 {[%clk 01:41:38] [%emt 00:00:06]} 4. g3
{[%clk 01:40:50] [%emt 00:00:37]} h6 {[%clk 01:42:02] [%emt 00:00:07]} 5. Bg2
{[%clk 01:41:02] [%emt 00:00:18]} Nf6 {[%clk 01:42:27] [%emt 00:00:05]} 6. O-O
{[%clk 01:41:19] [%emt 00:00:13]} Be7 {[%clk 01:42:53] [%emt 00:00:05]} 7. d3
{[%clk 01:41:39] [%emt 00:00:09]} c6 {[%clk 01:42:36] [%emt 00:00:46]} 8. Nbd2
{[%clk 01:40:31] [%emt 00:01:38]} O-O {[%clk 01:42:46] [%emt 00:00:21]} 9. Re1
{[%clk 01:40:43] [%emt 00:00:17]} Bh7 {[%clk 01:43:02] [%emt 00:00:14]} 10. e4
{[%clk 01:40:07] [%emt 00:01:06]} a5 {[%clk 01:43:29] [%emt 00:00:04]} 11. a3
{[%clk 01:39:43] [%emt 00:00:54]} Nbd7 {[%clk 01:42:32] [%emt 00:01:26]} 12. a4
{[%clk 01:34:00] [%emt 00:06:14]} Qc7 {[%clk 01:34:01] [%emt 00:09:01]} 13. e5
{[%clk 01:23:03] [%emt 00:11:27]} Ne8 {[%clk 01:33:51] [%emt 00:00:40]} 14. Nd4
{[%clk 01:21:16] [%emt 00:02:17]} Qb6 {[%clk 01:32:41] [%emt 00:01:40]} 15. Ne2
{[%clk 00:59:33] [%emt 00:22:12]} g5 {[%clk 00:59:03] [%emt 00:34:09]} 16. Bd4
{[%clk 00:44:56] [%emt 00:15:07]} Qc7 {[%clk 00:57:50] [%emt 00:01:44]} 17. f4
{[%clk 00:42:25] [%emt 00:03:00]} Ng7 {[%clk 00:58:10] [%emt 00:00:10]} 18. Kh1
{[%clk 00:40:47] [%emt 00:02:08]} Kh8 {[%clk 00:54:53] [%emt 00:03:46]} 19. fxg5
{[%clk 00:33:54] [%emt 00:07:23]} hxg5 {[%clk 00:54:55] [%emt 00:00:28]} 20. Ng1
{[%clk 00:34:23]} Nf5 {[%clk 00:53:29] [%emt 00:01:56]} 21. Bb2 {[%clk 00:33:04]
[%emt 00:01:50]} Kg7 {[%clk 00:50:43] [%emt 00:03:16]} 22. Ndf3 {[%clk 00:32:21]
[%emt 00:01:13]} Rh8 {[%clk 00:50:16] [%emt 00:00:56]} 23. g4 {[%clk 00:31:17]
[%emt 00:01:35]} Nh6 {[%clk 00:50:42] [%emt 00:00:05]} 24. h3 {[%clk 00:28:38]
[%emt 00:03:09]} Rag8 {[%clk 00:46:44] [%emt 00:04:27]} 25. Nh2 {[%clk 00:24:17]
[%emt 00:04:51]} b5 {[%clk 00:43:47] [%emt 00:03:28]} 26. Ngf3 {[%clk 00:23:54]
[%emt 00:00:53]} b4 {[%clk 00:43:57] [%emt 00:00:20]} 27. Qd2 {[%clk 00:22:16]
[%emt 00:02:08]} Kf8 {[%clk 00:44:20] [%emt 00:00:07]} 28. Nd4 {[%clk 00:19:59]
[%emt 00:02:47]} Rg6 {[%clk 00:39:57] [%emt 00:04:53]} 29. c4 {[%clk 00:18:11]
[%emt 00:02:18]} bxc3 {[%clk 00:37:53] [%emt 00:02:34]} 30. Bxc3 {[%clk
00:18:21] [%emt 00:00:20]} Qb6 {[%clk 00:38:18] [%emt 00:00:05]} 31. Ndf3 {[%clk
00:12:22] [%emt 00:06:29]} Rgg8 {[%clk 00:37:04] [%emt 00:01:44]} 32. Bxa5
{[%clk 00:11:58] [%emt 00:00:54]} Qxb3 {[%clk 00:37:21] [%emt 00:00:12]} 33. Nd4
{[%clk 00:11:09] [%emt 00:01:19]} Qb7 {[%clk 00:30:45] [%emt 00:07:06]} 34. Qc3
{[%clk 00:08:45] [%emt 00:02:54]} c5 {[%clk 00:30:15] [%emt 00:01:00]} 35. Nb5
{[%clk 00:08:36] [%emt 00:00:40]} Kg7 {[%clk 00:30:40] [%emt 00:00:05]} 36. Bc7
{[%clk 00:08:18] [%emt 00:00:47]} Rc8 {[%clk 00:29:43] [%emt 00:01:26]} 37. Bd6
{[%clk 00:08:47] [%emt 00:00:01]} Bd8 {[%clk 00:30:12] [%emt 00:00:01]} 38. Rec1
{[%clk 00:06:04] [%emt 00:03:13]} f5 {[%clk 00:29:56] [%emt 00:00:46]} 39. exf6+
{[%clk 00:00:54] [%emt 00:05:40]} Bxf6 {[%clk 00:30:22] [%emt 00:00:04]} 40. Qd2
{[%clk 00:01:21] [%emt 00:00:04]} Nf7 {[%clk 00:28:51] [%emt 00:02:00]} 41. Bg3
{[%clk 00:46:31] [%emt 00:05:20]} Bg6 {[%clk 01:10:37] [%emt 00:08:44]} 42. Re1
{[%clk 00:33:52] [%emt 00:13:09]} Qa6 {[%clk 00:54:33] [%emt 00:16:34]} 43. Nf3
{[%clk 00:32:55] [%emt 00:01:27]} e5 {[%clk 00:40:58] [%emt 00:14:05]} 44. Nc3
{[%clk 00:18:34] [%emt 00:14:51]} e4 {[%clk 00:29:37] [%emt 00:11:52]} 45. dxe4
{[%clk 00:18:59] [%emt 00:00:05]} dxe4 {[%clk 00:29:53] [%emt 00:00:13]} 46.
Nxg5 {[%clk 00:12:16] [%emt 00:07:14]} Nxg5 {[%clk 00:26:12] [%emt 00:04:11]}
47. Qxd7+ {[%clk 00:12:45] [%emt 00:00:02]} Bf7 {[%clk 00:19:13] [%emt
00:07:28]} 48. Nxe4 {[%clk 00:09:55] [%emt 00:03:20]} Nxe4 {[%clk 00:19:34]
[%emt 00:00:09]} 49. Bxe4 {[%clk 00:03:02] [%emt 00:07:23]} Bxa1 {[%clk
00:16:34] [%emt 00:03:30]} 50. Bd5 {[%clk 00:02:29] [%emt 00:01:03]} Rxh3+
{[%clk 00:16:36] [%emt 00:00:29]} 51. Bh2 {[%clk 00:02:13] [%emt 00:00:46]} Qf6
{[%clk 00:14:44] [%emt 00:02:22]} 52. Qxf7+ {[%clk 00:01:16] [%emt 00:01:27]}
Qxf7 {[%clk 00:15:10] [%emt 00:00:04]} 53. Bxf7 {[%clk 00:01:43] [%emt
00:00:03]} Bc3 {[%clk 00:15:22] [%emt 00:00:17]} 54. Re7 {[%clk 00:00:56] [%emt
00:01:17]} Kf6 {[%clk 00:15:02] [%emt 00:00:50]} 55. Rd7 {[%clk 00:00:48] [%emt
00:00:38]} Be5 {[%clk 00:14:54] [%emt 00:00:38]} 0-1

[Site "Europe Echecs"]

[Event "Grand Swiss "]
[Date "2025.09.14"]
[White "Grischuk, Alexander"]
[Black "Ponomariov, Ruslan"]
[WhiteElo "2657"]
[BlackElo "2622"]
[Round "10.10.29"]
[Result "1/2-1/2"]

1. e4 {[%clk 01:40:43] [%emt 00:00:15]} e5 {[%clk 01:40:45] [%emt 00:00:16]} 2.
Nf3 {[%clk 01:41:06] [%emt 00:00:08]} Nc6 {[%clk 01:41:04] [%emt 00:00:11]} 3.
Bb5 {[%clk 01:41:29] [%emt 00:00:06]} Nf6 {[%clk 01:41:14] [%emt 00:00:19]} 4.
d3 {[%clk 01:41:48] [%emt 00:00:11]} Bc5 {[%clk 01:41:24] [%emt 00:00:21]} 5.
Bxc6 {[%clk 01:42:00] [%emt 00:00:18]} dxc6 {[%clk 01:41:40] [%emt 00:00:13]} 6.
O-O {[%clk 01:42:19] [%emt 00:00:11]} Qe7 {[%clk 01:40:46] [%emt 00:01:24]} 7.
Nbd2 {[%clk 01:40:10] [%emt 00:02:39]} a5 {[%clk 01:39:42] [%emt 00:01:34]} 8.
Nc4 {[%clk 01:28:01] [%emt 00:12:39]} Nd7 {[%clk 01:39:29] [%emt 00:00:43]} 9.
Ne3 {[%clk 01:26:06] [%emt 00:02:26]} f6 {[%clk 01:20:31] [%emt 00:19:28]} 10.
Qe2 {[%clk 01:06:53] [%emt 00:19:43]} b6 {[%clk 01:16:51] [%emt 00:04:10]} 11.
Nf5 {[%clk 01:03:33] [%emt 00:03:50]} Qf7 {[%clk 01:16:45] [%emt 00:00:36]} 12.
c3 {[%clk 01:03:29] [%emt 00:00:34]} h5 {[%clk 01:03:14] [%emt 00:14:01]} 13.
Qc2 {[%clk 00:56:58] [%emt 00:07:01]} g6 {[%clk 01:01:38] [%emt 00:02:06]} 14.
N5h4 {[%clk 00:56:21] [%emt 00:01:08]} Bd6 {[%clk 00:54:13] [%emt 00:07:55]} 15.
Be3 {[%clk 00:44:29] [%emt 00:12:21]} Bb7 {[%clk 00:51:17] [%emt 00:03:27]} 16.
a3 {[%clk 00:38:55] [%emt 00:06:04]} a4 {[%clk 00:44:37] [%emt 00:07:10]} 17. d4
{[%clk 00:28:35] [%emt 00:10:50]} Rg8 {[%clk 00:42:25] [%emt 00:02:41]} 18. dxe5
{[%clk 00:25:21] [%emt 00:03:45]} fxe5 {[%clk 00:39:03] [%emt 00:03:52]} 19. c4
{[%clk 00:23:54] [%emt 00:01:56]} c5 {[%clk 00:36:56] [%emt 00:02:37]} 20. b4
{[%clk 00:17:29] [%emt 00:06:55]} axb3 {[%clk 00:33:35] [%emt 00:03:51]} 21.
Qxb3 {[%clk 00:17:47] [%emt 00:00:12]} Nb8 {[%clk 00:31:08] [%emt 00:02:57]} 22.
Ng5 {[%clk 00:05:13] [%emt 00:13:05]} Qe7 {[%clk 00:25:08] [%emt 00:06:30]} 23.
Nhf3 {[%clk 00:05:17] [%emt 00:00:26]} Nc6 {[%clk 00:25:03] [%emt 00:00:35]} 24.
Bd2 {[%clk 00:05:15] [%emt 00:00:31]} Rf8 {[%clk 00:21:16] [%emt 00:04:17]} 25.
a4 {[%clk 00:04:20] [%emt 00:01:26]} Na5 {[%clk 00:21:10] [%emt 00:00:35]} 26.
Qd3 {[%clk 00:04:09] [%emt 00:00:41]} Bc6 {[%clk 00:17:45] [%emt 00:03:55]} 27.
Rfb1 {[%clk 00:04:01] [%emt 00:00:38]} Qd7 {[%clk 00:14:45] [%emt 00:03:30]} 28.
Qc3 {[%clk 00:02:50] [%emt 00:01:41]} Qe7 {[%clk 00:13:20] [%emt 00:01:54]} 29.
h4 {[%clk 00:03:07] [%emt 00:00:13]} Kd7 {[%clk 00:12:17] [%emt 00:01:33]} 30.
Ne1 {[%clk 00:01:54] [%emt 00:01:44]} Kc8 {[%clk 00:11:30] [%emt 00:01:16]} 31.
Nc2 {[%clk 00:02:14] [%emt 00:00:11]} Kb7 {[%clk 00:06:20] [%emt 00:05:40]} 32.
Ra3 {[%clk 00:02:04] [%emt 00:00:40]} Ra6 {[%clk 00:06:27] [%emt 00:00:24]} 33.
Ne3 {[%clk 00:02:25] [%emt 00:00:08]} Qd7 {[%clk 00:06:42] [%emt 00:00:15]} 34.
Qc2 {[%clk 00:01:09] [%emt 00:01:46]} Rfa8 {[%clk 00:06:18] [%emt 00:00:54]} 35.
Nf3 {[%clk 00:01:12] [%emt 00:00:26]} Qe8 {[%clk 00:05:34] [%emt 00:01:14]} 36.
Ra2 {[%clk 00:01:10] [%emt 00:00:31]} Kc8 {[%clk 00:05:18] [%emt 00:00:47]} 37.
Nd5 {[%clk 00:01:28] [%emt 00:00:13]} Qe6 {[%clk 00:04:24] [%emt 00:01:24]} 38.
Rba1 {[%clk 00:01:25] [%emt 00:00:34]} Kb7 {[%clk 00:03:20] [%emt 00:01:34]} 39.
g3 {[%clk 00:01:33] [%emt 00:00:21]} Qg4 {[%clk 00:01:56] [%emt 00:01:54]} 40.
Kg2 {[%clk 00:01:16] [%emt 00:00:48]} Rf8 {[%clk 00:02:01] [%emt 00:00:25]} 41.
Ra3 {[%clk 00:41:45] [%emt 00:10:01]} Nxc4 {[%clk 00:44:20] [%emt 00:08:11]} 42.
Qxc4 {[%clk 00:27:31] [%emt 00:14:44]} Rxa4 {[%clk 00:44:14] [%emt 00:00:36]}
43. Rxa4 {[%clk 00:26:51] [%emt 00:01:11]} Qxf3+ {[%clk 00:44:20] [%emt
00:00:23]} 44. Kh3 {[%clk 00:27:03] [%emt 00:00:18]} Bd7+ {[%clk 00:37:05] [%emt
00:07:46]} 45. Kh2 {[%clk 00:27:17] [%emt 00:00:15]} Qxf2+ {[%clk 00:37:20]
[%emt 00:00:15]} 46. Kh1 {[%clk 00:27:46] [%emt 00:00:01]} Qf3+ {[%clk 00:24:56]
[%emt 00:12:53]} 47. Kh2 {[%clk 00:25:59] [%emt 00:02:17]} Qf2+ {[%clk 00:21:53]
[%emt 00:03:33]} 1/2-1/2

[Site "Europe Echecs"]